[Event "Mistrovstvi Cech 2019 - FIDE"]
[Site "?"]
[Date "2019.10.31"]
[Round "7.8"]
[White "Kotva, Milan"]
[Black "Kopriva, Martin"]
[Result "1-0"]
[BlackElo "2039"]
[WhiteElo "1906"]
[LiveChessVersion "1.4.8"]

1. e4 {[%clk 1:30:55]} g6 {[%clk 1:30:53]} 2. d4 {[%clk 1:31:17]} Bg7
{[%clk 1:31:13]} 3. c3 {[%clk 1:31:19]} d6 {[%clk 1:30:53]} 4. f4
{[%clk 1:31:06]} Nc6 {[%clk 1:27:27]} 5. Nf3 {[%clk 1:31:17]} Bg4
{[%clk 1:26:49]} 6. Bb5 {[%clk 1:29:02]} d5 {[%clk 1:21:05]} 7. e5
{[%clk 1:17:50]} e6 {[%clk 1:19:35]} 8. Be3 {[%clk 1:08:53]} Nge7
{[%clk 1:16:46]} 9. h3 {[%clk 1:08:46]} Bxf3 {[%clk 1:14:55]} 10. Qxf3
{[%clk 1:08:58]} a6 {[%clk 1:13:22]} 11. Bd3 {[%clk 1:07:04]} Nb8
{[%clk 1:09:55]} 12. Nd2 {[%clk 1:05:43]} Nd7 {[%clk 1:07:53]} 13. g4
{[%clk 1:05:26]} O-O {[%clk 0:54:14]} 14. g5 {[%clk 1:03:38]} c5 {[%clk 0:49:44]}
15. dxc5 {[%clk 0:59:06]} Qc7 16. Qf2 {[%clk 0:56:21]} Rac8 {[%clk 0:45:18]} 17.
Nb3 {[%clk 0:51:52]} a5 {[%clk 0:41:49]} 18. a4 {[%clk 0:51:02]} Nf5
{[%clk 0:38:19]} 19. Bxf5 {[%clk 0:51:15]} exf5 {[%clk 0:37:09]} 20. h4
{[%clk 0:47:36]} Rfe8 {[%clk 0:32:11]} 21. O-O {[%clk 0:46:07]} Bf8
{[%clk 0:20:54]} 22. Rfd1 {[%clk 0:43:15]} Nxc5 {[%clk 0:17:41]} 23. Nxc5
{[%clk 0:43:20]} Bxc5 {[%clk 0:17:27]} 24. Bxc5 {[%clk 0:41:51]} Qxc5
{[%clk 0:17:48]} 25. Qxc5 {[%clk 0:41:53]} Rxc5 {[%clk 0:18:14]} 26. Rd4
{[%clk 0:41:54]} Rec8 {[%clk 0:16:28]} 27. Kf2 {[%clk 0:40:13]} Kf8
{[%clk 0:15:07]} 28. Ke3 {[%clk 0:33:57]} Ke7 {[%clk 0:14:51]} 29. Rad1
{[%clk 0:24:11]} Ke6 {[%clk 0:13:55]} 30. R1d3 {[%clk 0:23:30]} h6
{[%clk 0:11:28]} 31. gxh6 {[%clk 0:21:47]} Rh8 {[%clk 0:09:49]} 32. b4
{[%clk 0:22:05]} axb4 {[%clk 0:09:32]} 33. cxb4 {[%clk 0:22:33]} Rc4
{[%clk 0:08:40]} 34. Rxd5 {[%clk 0:21:37]} Rc7 {[%clk 0:05:34]} 35. b5
{[%clk 0:19:41]} Rxh6 {[%clk 0:04:50]} 36. b6 {[%clk 0:19:57]} Rc6
{[%clk 0:04:56]} 37. Rd8 {[%clk 0:18:35]} f6 {[%clk 0:04:55]} 38. R8d6+
{[%clk 0:17:20]} Rxd6 {[%clk 0:04:33]} 39. Rxd6+ {[%clk 0:17:35]} Ke7
{[%clk 0:04:45]} 40. Rxf6 {[%clk 0:17:30]} Rxh4 {[%clk 0:04:32]} 41. Rxg6
{[%clk 0:17:44]} Rh3+ {[%clk 0:04:35]} 42. Kd4 {[%clk 0:17:34]} Ra3
{[%clk 0:02:43]} 43. Kd5 {[%clk 0:15:31]} Rd3+ {[%clk 0:02:17]} 44. Kc5
{[%clk 0:15:14]} Ra3 {[%clk 0:01:37]} 45. Rf6 {[%clk 0:14:14]} Rxa4
{[%clk 0:01:56]} 46. Rxf5 {[%clk 0:14:34]} Ra5+ {[%clk 0:02:20]} 47. Kd4
{[%clk 0:14:17]} Ra4+ {[%clk 0:01:48]} 48. Kd5 {[%clk 0:14:22]} Ra5+
{[%clk 0:02:03]} 49. Ke4 {[%clk 0:14:37]} Ra4+ {[%clk 0:02:23]} 50. Kf3
{[%clk 0:14:54]} Ra1 {[%clk 0:02:36]} 51. Rh5 {[%clk 0:14:56]} Ke6
{[%clk 0:01:05]} 52. Rh6+ {[%clk 0:14:54]} Kf5 {[%clk 0:00:35]} 53. Rf6# 1-0

[Event "Národní Open  2019"]
[Site "?"]
[Date "2019.10.31"]
[Round "7.5"]
[White "Jodas, Daniel"]
[Black "Kalousová, Julie"]
[Result "1/2-1/2"]
[WhiteElo "1716"]
[BlackElo "1565"]
[PlyCount "67"]
[SourceVersionDate "2019.10.31"]

1. e4 c5 2. Nf3 e6 3. c4 Nc6 4. d4 cxd4 5. Nxd4 Bc5 6. Nxc6 bxc6 7. Nc3 Ne7 8.
Be2 O-O 9. O-O Bb7 10. Na4 Bb6 11. Nxb6 axb6 12. Be3 d5 13. exd5 exd5 14. cxd5
Nxd5 15. Qb3 Qe7 16. Bf3 Nxe3 17. Rfe1 Qc7 18. Rxe3 Rfe8 19. Rae1 Rxe3 20. Qxe3
g6 21. a3 c5 22. Bd1 Bc6 23. Bb3 Re8 24. Qd2 Rxe1+ 25. Qxe1 Qf4 26. h3 Qg5 27.
g3 Qf5 28. Qd1 Qxh3 29. Bd5 Qd7 30. Bb3 Qxd1+ 31. Bxd1 Kg7 32. f4 Be4 33. Kf2
f6 34. Ke3 1/2-1/2

[Event "Národní Open  2019"]
[Site "?"]
[Date "2019.10.31"]
[Round "7.4"]
[White "Buk, Pavel"]
[Black "Rezac, Josef"]
[Result "1/2-1/2"]
[WhiteElo "1630"]
[BlackElo "1520"]
[PlyCount "34"]
[SourceVersionDate "2019.10.31"]

1. f4 d5 2. Nf3 c5 3. e3 Nc6 4. Bb5 Bd7 5. a4 e6 6. b3 Be7 7. Bb2 Bf6 8. Bxf6
Nxf6 9. O-O O-O 10. Bxc6 Bxc6 11. Ne5 Qc7 12. d3 Nd7 13. Nxc6 Qxc6 14. Nd2 a6
15. Nf3 Rab8 16. c4 Rfe8 17. Qe2 f6 1/2-1/2

[Event "Národní Open  2019"]
[Site "?"]
[Date "2019.10.31"]
[Round "7.1"]
[White "Blazek, Tomas"]
[Black "Holasek, Vit"]
[Result "1/2-1/2"]
[WhiteElo "1592"]
[BlackElo "1779"]
[PlyCount "81"]
[SourceVersionDate "2019.10.31"]

1. e4 e5 2. Nf3 Nc6 3. d4 exd4 4. Bc4 Bc5 5. c3 d3 6. Qxd3 d6 7. O-O Be6 8. Re1
Nf6 9. Bg5 O-O 10. Bb3 h6 11. Bh4 Qe7 12. Bc2 Ne5 13. Nxe5 dxe5 14. Nd2 Rad8
15. Qe2 Rd7 16. h3 Rfd8 17. Nf3 c6 18. b3 Rd6 19. Rad1 Bc8 20. Rd2 b5 21. b4
Bb6 22. Red1 Rxd2 23. Rxd2 Bc7 24. Bb3 a5 25. a3 a4 26. Ba2 Be6 27. c4 Rxd2 28.
Qxd2 Qd6 29. Bxf6 Qxd2 30. Nxd2 gxf6 31. Kf1 Kg7 32. Ke2 Kg6 33. Kd3 f5 34.
exf5+ Bxf5+ 35. Ne4 bxc4+ 36. Bxc4 Bxe4+ 37. Kxe4 f5+ 38. Ke3 Bb6+ 39. Ke2 Bd4
40. b5 cxb5 41. Bxb5 1/2-1/2

[Event "Národní Open  2019"]
[Site "?"]
[Date "2019.10.31"]
[Round "7.2"]
[White "Seterle, Matej"]
[Black "Bruna, Matous"]
[Result "1/2-1/2"]
[WhiteElo "1674"]
[BlackElo "1617"]
[PlyCount "91"]
[SourceVersionDate "2019.10.31"]

1. e4 c5 2. Nf3 Nc6 3. d4 cxd4 4. Nxd4 Nf6 5. Nc3 e6 6. Ndb5 d6 7. Bf4 e5 8.
Bg5 a6 9. Bxf6 gxf6 10. Na3 f5 11. exf5 Bxf5 12. Nd5 b5 13. c3 Bg7 14. Nc2 Be6
15. Nce3 O-O 16. Bd3 f5 17. Qh5 e4 18. Bc2 Ne7 19. Nxe7+ Qxe7 20. g4 Qf6 21.
gxf5 Bxf5 22. O-O-O Bg6 23. Qd5+ Kh8 24. Rhf1 b4 25. Qxd6 Qxd6 26. Rxd6 bxc3
27. Bb3 Bh6 28. Re1 Rxf2 29. Kb1 Bxe3 30. Rxe3 Rf1+ 31. Rd1 Rxd1+ 32. Bxd1 Rd8
33. Bc2 Rd3 34. Re1 Rd5 35. Re3 Rc5 36. Kc1 Kg7 37. Re2 Re5 38. Re3 Kf6 39.
Rxc3 e3 40. Kd1 Bxc2+ 41. Rxc2 Kf5 42. Ke2 Re4 43. Rc6 Kg5 44. Rxa6 Rh4 45.
Ra5+ Kf6 46. Ra6+ 1/2-1/2

[Event "Národní Open  2019"]
[Site "?"]
[Date "2019.10.31"]
[Round "7.3"]
[White "Kurek, Pavel"]
[Black "Stepan, Vojtech"]
[Result "*"]
[WhiteElo "1789"]
[BlackElo "1680"]
[PlyCount "151"]
[SourceVersionDate "2019.10.31"]

1. e4 e6 2. d4 d5 3. Nd2 Nf6 4. e5 Nfd7 5. Bd3 c5 6. c3 Nc6 7. Ne2 Qb6 8. Nf3
Be7 9. Qc2 cxd4 10. cxd4 Nb4 11. Qb3 Nxd3+ 12. Qxd3 Qd8 13. O-O Nb6 14. b3 Bd7
15. Bf4 Rc8 16. a4 Bc6 17. Rfc1 Nd7 18. Bg3 Nf8 19. h4 Ng6 20. h5 Nh4 21. Nxh4
Bxh4 22. Bxh4 Qxh4 23. Qg3 Qxg3 24. Nxg3 Ke7 25. f4 Bd7 26. Kf2 h6 27. Ne2 a5
28. Rxc8 Rxc8 29. Rc1 Rxc1 30. Nxc1 b5 31. axb5 Bxb5 32. g4 Kd7 33. Ke3 a4 34.
bxa4 Bxa4 35. Nd3 Ke7 36. f5 Bd1 37. Nf2 Ba4 38. Kf4 Bc2 39. Nh1 Bb1 40. Ng3
Bd3 41. g5 Bc2 42. Kg4 Bd1+ 43. Kh4 Bc2 44. f6+ Kf8 45. Nf1 Kg8 46. Ne3 Bd3 47.
Ng4 Be2 48. fxg7 Kxg7 49. Nxh6 Bd1 50. Ng4 Bc2 51. Ne3 Bd3 52. Ng2 Be4 53. Nf4
Bf5 54. Kg3 Kh7 55. Kf2 Kg7 56. Ke3 Kh7 57. Kd2 Bg4 58. h6 Bf5 59. Kc3 Kg8 60.
Kb4 Kh7 61. Kc5 Kg8 62. Kd6 Kf8 63. Nh5 Bg4 64. Nf6 Bf5 65. h7 Kg7 66. Ke7 Bg6
67. Ke8 Bd3 68. h8=B+ Kxh8 69. Kxf7 Bf5 70. g6 Bxg6+ 71. Kxe6 Bf7+ 72. Kd6 Kg7
73. Nxd5 Kf8 74. Nc7 Bb3 75. e6 Ba4 76. d5 *

[Event "Mistrovstvi Cech 2019 - HD12"]
[Site "Prichovice u Korenova"]
[Date "2019.10.31"]
[Round "7"]
[White "Day, Tobias"]
[Black "Sedmihradsky, Tomas"]
[Result "1-0"]
[WhiteElo "1807"]
[BlackElo "1028"]
[EventDate "2019.10.26"]

1. c4  e5  2. Nc3  f5
3. g3  Nf6  4. Bg2
Bc5  5. d3  h6
6. e3  Nc6  7. Nge2  Bb6
8. O-O  d6  9. b3
g5  10. Bb2  h5
11. d4  e4  12. f3  exf3
13. Bxf3  g4  14. Bxc6+
bxc6  15. c5  Ba5
16. d5  Rh6  17. Nd4
Bxc3  18. Bxc3  Qe7
19. Bd2  Nxd5  20. e4
f4  21. exd5  Qg7
22. Re1+  Kf8  23. Bxf4
cxd5  24. Bxh6  Qxh6
25. Rf1+  Kg8  26. Qe2
Bd7  27. c6 Re8 28. cxd7  Rxe2
29. d8=Q+  Kh7  30. Rf7+
Qg7  31. Rxg7+  Kxg7
32. Qg5+  Kh7  33. Qxh5+
Kg7  34. Qxg4+  Kh7
35. Nxe2  1-0

[Event "Mistrovstvi Cech 2019 - HD12"]
[Site "Prichovice u Korenova"]
[Date "2019.10.31"]
[Round "7"]
[White "Soucek, Jan"]
[Black "Zelba, Lukas"]
[Result "1-0"]
[WhiteElo "1705"]
[BlackElo "1610"]
[EventDate "2019.10.26"]

1. d4  Nf6 2. Nf3  d5  3. g3
Bf5  4. Bg2  e6
5. c4  c6  6. Nc3  Nbd7
7. O-O  Bd6  8. Nh4
Bg6  9. f4  Bb4
10. Nxg6  hxg6  11. Qd3  Bxc3
12. bxc3  dxc4  13. Qxc4
Nb6  14. Qd3  Qd7
15. Ba3  O-O-O  16. Rfb1
Kb8 17. Rb3  Rc8  18. Rab1
Rc7  19. e4  Rh5
20. e5  Ne8  21. Bc5
Na4  22. Bb4  c5
23. Ba5  b6  24. Qa6
cxd4  25. Rxb6+  axb6
26. Qa8#  1-0

[Event "Mistrovstvi Cech 2019 - HD12"]
[Site "Prichovice u Korenova"]
[Date "2019.10.31"]
[Round "7"]
[White "Veverka, Vladimir"]
[Black "Bouska, Jiri"]
[Result "1-0"]
[WhiteElo "1513"]
[BlackElo "1457"]
[EventDate "2019.10.26"]

1. d4  Nf6  2. c4  g6
3. Nc3  d5  4. cxd5
Nxd5  5. e4  Nxc3
6. bxc3  Bg7  7. Nf3
c5  8. Rb1  Nc6
9. d5  Ne5  10. Nxe5  Bxe5
11. Qd2  Qa5  12. Rb3
O-O  13. c4  Qxd2+
14. Bxd2  Bd4  15. f4
f6  16. Be3  e5
17. Bxd4  exd4  18. e5  fxe5
19. fxe5  Re8  20. e6
b6  21. Be2  Bxe6
22. dxe6  Rxe6  23. Kd2
Rae8  24. Bf3  Kg7
25. Rbb1  Kf6  26. Rbe1
Re3  27. Rhf1  Kg5
28. a4  Rxe1  29. Rxe1
Rxe1 30. Kxe1  a5  31. g3
Kf5  32. h3  Ke5
33. Ke2  g5  34. Bg2
h5  35. Kf3  Kf5
36. g4+  hxg4+  37. hxg4+
Ke5  38. Bf1  d3
39. Bxd3  Kd4  40. Bf1
Kc3  41. Be2  Kd4 42. Bf1
Kc3  43. Ke3  Kb4
44. Kd3  Kb3  45. Be2
Kxa4  46. Kc3  Ka3
47. Bd3  Ka4  48. Bc2+
Ka3  49. Bb3  a4
50. Bc2  Ka2  51. Bxa4
Kb1  52. Kd3  Kb2
53. Ke4  Kc3  54. Bb5
Kd2  55. Kf5  Ke3
56. Kxg5  Ke4  57. Kf6
Kd4  58. g5  Kc3
59. g6  Kb4  60. g7 1-0

[Event "Mistrovstvi Cech 2019 - HD12"]
[Site "Prichovice u Korenova"]
[Date "2019.10.31"]
[Round "7"]
[White "Barta, David"]
[Black "Janouskova, Adela"]
[Result "1-0"]
[WhiteElo "1478"]
[BlackElo "1257"]
[EventDate "2019.10.26"]

1. c4  Nf6  2. Nf3  g6
3. Nc3  Bg7  4. d4
d6  5. e4  O-O
6. d5  c6  7. Bd3  Bd7
8. h3  Na6  9. Be3
Nc7  10. O-O  b6
11. Nd4  c5  12. Ndb5
a6  13. Nxc7  Qxc7
14. f4  Rab8  15. Qe2
Nh5  16. Qe1 b5 17. g4  b4
18. Ne2  Nf6  19. Rb1
h5  20. e5  dxe5
21. fxe5  Nh7  22. gxh5
g5  23. Bxh7+  Kxh7
24. Bxg5  Bxe5  25. Qh4
f6  26. Bf4  Rg8+
27. Kf2  Bxf4  28. Qxf4
Qxf4+  29. Nxf4  Bf5
30. Rbe1  Rg7  31. Ne6
Bxe6  32. Rxe6  Rbg8
33. Ke3  Rg3+  34. Rf3
R8g7  35. Rxa6  Rg2
36. b3  Kg8  37. Rc6
Rxa2  38. Rxc5  Rb2
39. Kf4  Rg5  40. Rb5
Rxh5  41. Rxb4  Ra2
42. Rb7  Kf8  43. Re3
Rf2+  44. Kg3  Rhf5
45. Rbxe7  Rf1  46. Re8+
Kf7  47. R3e7+  Kg6
48. Rg8+  Kh6  49. Rh8+
Kg6  50. Rg8+  Kh6
51. Kh2  R5f2+  52. Rg2
Rf3  53. Re8  Kh7
54. Re4  Rf4  55. Rxf4
Rxf4  56. Rg4  Rf3
57. b4  Rb3  58. c5
f5  59. Rg5  f4
60. Kg2  Kh6  61. h4  Rxb4
62. c6  f3+  63. Kxf3
Rxh4  64. Rg8  Rd4
65. c7  Rxd5  66. c8=Q
Rd3+  67. Ke4  1-0

[Event "Mistrovstvi Cech 2019 - HD12"]
[Site "Prichovice u Korenova"]
[Date "2019.10.31"]
[Round "7"]
[White "Vana, Jan"]
[Black "Martirosyan, David"]
[Result "1/2-1/2"]
[WhiteElo "1268"]
[BlackElo "1441"]
[EventDate "2019.10.26"]

1. d4  Nf6  2. c4  g6
3. Nc3  Bg7  4. e4
d6  5. f3  O-O
6. Be3  Nbd7  7. Qd2  c5
8. d5  Nb6  9. O-O-O
Bd7  10. g4  e5
11. Bh6  a5  12. h4  Bxh6
13. Qxh6  Bxg4  14. fxg4
Nxg4  15. Qd2  Qf6
16. Be2 h5  17. Bxg4  hxg4
18. Qe2  Qf4+  19. Kb1
f5  20. Rf1  Qg3
21. h5  f4  22. hxg6
Qe3  23. Qxe3 fxe3  24. Nge2
Nxc4  25. Rxf8+  Rxf8
26. Rg1  Rf2  27. Rxg4
b5  1/2-1/2

[Event "Mistrovstvi Cech 2019 - HD12"]
[Site "Prichovice u Korenova"]
[Date "2019.10.31"]
[Round "7"]
[White "Dudkova, Josefina"]
[Black "Levitner, Matej"]
[Result "0-1"]
[WhiteElo "1432"]
[BlackElo "1347"]
[EventDate "2019.10.26"]

1. e4  c5  2. Nf3  e6
3. d4  cxd4  4. Nxd4
a6  5. Bd3  Qc7
6. O-O  Nf6  7. Nc3  Be7
8. Bd2  O-O  9. Qe2
d6  10. Rae1  e5
11. Nb3  Nc6  12. Kh1
Nb4  13. f4  Nxd3
14. cxd3  b5  15. fxe5
dxe5  16. Bg5  Be6
17. Rc1  Qb7  18. Qf3
h6  19. Bxf6  Bxf6
20. Qg3  Bg5  21. Rcd1
Bf4  22. Qf3  Qd7
23. h3  Rad8 24. Nc5  Qc6
25. Nxe6  fxe6  26. Qe2
b4  27. Nb1  Rc8
28. a3  Qc2  29. Rf2
Qxd1+  30. Qxd1  Rc1
31. Qxc1  Bxc1  32. Rxf8+
Kxf8  33. axb4  Bxb2
34. Kg1  Kf7  35. Kf2 Kf6
36. Ke2  Kg5 37. Kf3  Kh4
38. Kf2 g5  39. Kf3  h5
40. Kf2  g4  41. hxg4
hxg4  42. Kf1  Kg3
43. Kg1  Kf4  44. Kh2
Ke3 45. Kg3 Kxd3  46. Kxg4  Kxe4
47. Kg5  Kd3  0-1

[Event "Mistrovstvi Cech 2019 - HD12"]
[Site "Prichovice u Korenova"]
[Date "2019.10.31"]
[Round "7"]
[White "Pressler, Tobias"]
[Black "Vysinsky, Otakar"]
[Result "0-1"]
[WhiteElo "1550"]
[BlackElo "1422"]
[EventDate "2019.10.26"]

1. e4  d6  2. d4  Nf6
3. Nc3  g6  4. f4
Bg7  5. Nf3  O-O
6. Bc4  c6  7. a4
Qc7  8. O-O  Bg4
9. Be3  Bxf3  10. Qxf3
e5  11. dxe5  dxe5
12. f5  Nbd7  13. Qg3
Kh8  14. fxg6  fxg6
15. Qh4  a6 16. a5  Qd8
17. Bg5  Nc5  18. Rad1
Qe7  19. Qh3  Rae8
20. Rd2  Ne6  21. Be3
Nf4  22. Qf3  N6h5
23. Qd1  Qg5  24. Kh1
Rd8  25. Bd3  Qh4
26. Bf2  Qg5  27. Bc5
Qh4  28. Kg1  Rf7
29. Bc4  Rxd2  30. Qxd2
Rc7  31. Bb6  Rc8
32. Qd7  Rf8  33. Be3
Qg5  34. Qd2  Bh6
35. Nd1  Rf6  36. Rf3
Rf8  37. Nf2  Qxg2#
0-1

[Event "Mistrovstvi Cech 2019 - HD12"]
[Site "Prichovice u Korenova"]
[Date "2019.10.31"]
[Round "7"]
[White "Dobsa, Emma"]
[Black "Roubal, Matyas"]
[Result "0-1"]
[WhiteElo "1342"]
[BlackElo "1256"]
[EventDate "2019.10.26"]

1. e4  d5  2. exd5  Nf6
3. Nc3  Nxd5  4. Bc4
Nxc3  5. Qf3  e6 6. Qxc3
Nc6  7. Nf3  e5
8. O-O  Bd6  9. Bd5  Ne7 10. Bc4
Ng6  11. d3  Qe7
12. Re1  f6 13. d4  Bb4
14. Bb5+  Kf8  15. Qe3
Bxe1  16. Qxe1  c6
17. Bd2  Qd8  18. Bb4+
Ke8  19. Bc4  b5
20. Bb3  a5  21. dxe5
Ne7  22. exf6  gxf6
23. Bc3  a4  24. Bxf6
Rf8  25. Bg7  Rxf3
26. gxf3  axb3  27. cxb3
Qd6  28. Kh1  Qd5
29. Qe3  Bg4  30. Kg2
Bd7  31. Re1  Qd6
32. Bh6  Kf7  33. Kh1
Nf5  34. Bf4  Nxe3
35. Bxd6  Nf5  36. Ba3
Re8  37. Rd1  Ke6
38. Re1+  Kd5  39. Rd1+
Nd4  40. Kg2  c5
41. b4 c4 42. Rc1  Rg8+  43. Kf1
Bh3+  44. Ke1  Rg1+
45. Kd2  Nxf3+  46. Kc2
Bf5+  0-1
[Site "Prichovice u Korenova"]
[Date "2019.10.31"]
[Round "7"]
[White "Hrbek, Jachym"]
[Black "Tuma, Hugo"]
[Result "1-0"]
[WhiteElo "1296"]
[PlyCount "27"]
[EventDate "2019.10.26"]

1. e4 e5 2. f4 d5 3. Nf3 Bg4 4. h3 Bxf3 5. Qxf3 dxe4 6. Qxe4 Qh4+ 7. Kd1 Qxf4
8. Qxb7 c6 9. Qxa8 e4 10. Qxa7 Be7 11. Qe3 Qh4 12. d3 Nf6 13. Qf4 Qh5+ 14. Be2
1-0

[Event "Mistrovstvi Cech 2019 - HD12"]
[Site "Prichovice u Korenova"]
[Date "2019.10.31"]
[Round "7"]
[White "Marsik, Ondrej"]
[Black "Tesar, Jakub"]
[Result "0-1"]
[WhiteElo "1304"]
[BlackElo "1626"]
[PlyCount "46"]
[EventDate "2019.10.26"]

1. c4 e5 2. Nc3 Nf6 3. g3 d5 4. cxd5 Nxd5 5. Bg2 Nb6 6. e4 Nc6 7. Nf3 Be6 8. b3
Bc5 9. O-O O-O 10. Bb2 f6 11. Ne2 Qd3 12. h3 Rad8 13. Bc3 Bxh3 14. Nxe5 fxe5
15. Bxh3 Qxe4 16. Bg2 Qf5 17. b4 Bxf2+ 18. Kh2 Qh5+ 19. Bh3 Rd3 20. Kg2 Qf3+
21. Kh2 Bxg3+ 22. Nxg3 Qxg3+ 23. Kh1 Qxh3+ 0-1

[Event "Mistrovstvi Cech 2019 - HD12"]
[Site "Prichovice u Korenova"]
[Date "2019.10.31"]
[Round "7"]
[White "Svoboda, Daniel"]
[Black "Jun, Robert"]
[Result "0-1"]
[WhiteElo "1462"]
[BlackElo "1320"]
[EventDate "2019.10.26"]
[PlyCount "55"]

1. e4 c5 2. Nf3 e6 3. c3 d5 4. exd5 exd5 5. d4 cxd4 6. cxd4 Nf6 7. Bd3 Bb4+ 8.
Bd2 Bxd2+ 9. Nbxd2 O-O 10. O-O Bg4 11. h3 Bxf3 12. Qxf3 Nc6 13. Nb3 Qb6 14.
Rad1 Nb4 15. Bb1 Rac8 16. Nc5 Nc6 17. Nb3 a5 18. a4 Qb4 19. Bf5 Rb8 20. Rd3
Qxa4 21. Rfd1 Rfe8 22. Nc5 Qb4 23. Rb3 Nxd4 24. Qd3 Re1+ 25. Rxe1 Qxe1+ 26. Kh2
Nxb3 27. Qxb3 Qxf2 28. Bc2 0-1

[Event "Mistrovstvi Cech 2019 - HD12"]
[Site "Prichovice u Korenova"]
[Date "2019.10.31"]
[Round "7"]
[White "Popov, Roman"]
[Black "Belaska, Vaclav"]
[Result "0-1"]
[WhiteElo "1461"]
[BlackElo "1339"]
[EventDate "2019.10.26"]
[PlyCount "44"]

1. e4 c5 2. Nf3 d6 3. d4 cxd4 4. Nxd4 Nf6 5. Nc3 a6 6. Bc4 e6 7. Bb3 Be7 8. Be3
O-O 9. Qe2 Nbd7 10. O-O-O Nc5 11. Qf3 Qc7 12. Rhg1 b5 13. g4 Bb7 14. g5 Nfxe4
15. Nxe4 Bxe4 16. Qe2 Nxb3+ 17. axb3 Rac8 18. f3 Bg6 19. c3 d5 20. Rh1 b4 21.
Bd2 bxc3 22. bxc3 Ba3# 0-1

[Event "Mistrovstvi Cech 2019 - HD12"]
[Site "Prichovice u Korenova"]
[Date "2019.10.31"]
[Round "7"]
[White "Slosar, Jan"]
[Black "Stein, Michael"]
[Result "0-1"]
[WhiteElo "1173"]
[BlackElo "1084"]
[PlyCount "46"]
[EventDate "2019.10.26"]

1. d4 d5 2. Nf3 Nf6 3. Bf4 Nc6 4. e3 Bf5 5. Bb5 e6 6. Ne5 Rc8 7. O-O Be7 8.
Bxc6+ bxc6 9. Nxc6 Qd7 10. Nxe7 Qxe7 11. c4 O-O 12. Nd2 c6 13. c5 Qb7 14. b3
Rfe8 15. Re1 Ne4 16. Nf1 f6 17. f3 Nc3 18. Qc1 Nb5 19. Nd2 e5 20. e4 exf4 21.
exf5 Nxd4 22. Rxe8+ Rxe8 23. Nf1 Ne2+ 0-1

[Event "Mistrovstvi Cech 2019 - HD12"]
[Site "Prichovice u Korenova"]
[Date "2019.10.31"]
[Round "7"]
[White "Garabik, Marek"]
[Black "Andrle, Filip"]
[Result "1/2-1/2"]
[WhiteElo "1381"]
[BlackElo "1420"]
[PlyCount "36"]
[EventDate "2019.10.26"]

1. e4 c6 2. Nf3 d5 3. exd5 cxd5 4. Ne5 Nc6 5. d4 Nxe5 6. dxe5 e6 7. Bd3 Bc5 8.
a3 Ne7 9. c3 Qc7 10. Bf4 Ng6 11. Bxg6 hxg6 12. a4 a5 13. Qe2 b6 14. Be3 Ba6 15.
Qf3 Qxe5 16. Nd2 Bxe3 17. fxe3 Rc8 18. g3 Ke7 1/2-1/2

[Event "Mistrovstvi Cech 2019 - HD12"]
[Site "Prichovice u Korenova"]
[Date "2019.10.31"]
[Round "7"]
[White "Taborsky, Vaclav"]
[Black "Tegda, Vojtech"]
[Result "0-1"]
[WhiteElo "1449"]
[BlackElo "1279"]
[EventDate "2019.10.26"]
[PlyCount "118"]

1. e4 e5 2. Nf3 Nc6 3. Bc4 Bc5 4. O-O Nf6 5. Nc3 O-O 6. d3 h6 7. Be3 Bb6 8. d4
d6 9. h3 Bd7 10. d5 Ne7 11. Qd2 c6 12. Rad1 Bc7 13. Nxe5 dxe5 14. d6 Bb6 15.
dxe7 Qxe7 16. a3 Rad8 17. Bxb6 axb6 18. Qd6 Qxd6 19. Rxd6 Be6 20. Rxd8 Rxd8 21.
Bxe6 fxe6 22. f3 Rd2 23. Rf2 Rd7 24. g4 g5 25. Rh2 Kg7 26. h4 Kg6 27. h5+ Kf7
28. Rf2 Ke7 29. Na4 b5 30. Nc5 Rc7 31. Nd3 Nd7 32. Rd2 Kf6 33. b4 b6 34. Kf1
Ra7 35. Nb2 Nf8 36. Rd3 c5 37. c3 Rxa3 38. bxc5 bxc5 39. Ke1 Ra2 40. Rd2 c4 41.
Ke2 Ra3 42. Nd1 Ke7 43. Rb2 Rb3 44. Kd2 Rxb2+ 45. Nxb2 Kd6 46. Kc2 Kc5 47. Nd1
Nd7 48. Kb2 Nb6 49. Kc2 Na4 50. Kd2 b4 51. cxb4+ Kxb4 52. Ne3 c3+ 53. Kc2 Kc5
54. Kd3 Kb4 55. Kc2 Nb2 56. Nf5 exf5 57. gxf5 Nc4 58. Kd3 Kb3 59. f6 Nd6 0-1

[Event "Mistrovstvi Cech 2019 - HD12"]
[Site "Prichovice u Korenova"]
[Date "2019.10.31"]
[Round "7"]
[White "Kroulik, Vaclav"]
[Black "Mikolas, Petr"]
[Result "1/2-1/2"]
[WhiteElo "1323"]
[BlackElo "1438"]
[EventDate "2019.10.26"]
[PlyCount "35"]

1. d4 d5 2. c4 e6 3. Nc3 Nf6 4. Bg5 Be7 5. Nf3 c6 6. e3 O-O 7. Rc1 Nbd7 8. Be2
b6 9. O-O Bb7 10. Re1 c5 11. Bf4 Nh5 12. Bg3 Nxg3 13. hxg3 cxd4 14. Nxd4 Nf6
15. cxd5 Nxd5 16. Bb5 Nxc3 17. bxc3 a6 18. Bc6 1/2-1/2

[Event "Mistrovstvi Cech 2019 - HD12"]
[Site "Prichovice u Korenova"]
[Date "2019.10.31"]
[Round "7"]
[White "Mauer, Pavel"]
[Black "Cinkova, Vicky"]
[Result "1/2-1/2"]
[WhiteElo "1138"]
[BlackElo "1207"]
[EventDate "2019.10.26"]
[PlyCount "72"]

1. e4 c5 2. Nf3 Nc6 3. d4 cxd4 4. Nxd4 g6 5. Nc3 Bg7 6. Nf3 e6 7. Bc4 Nge7 8.
O-O O-O 9. Bf4 b6 10. Qd2 Bb7 11. Rad1 d5 12. exd5 exd5 13. Bxd5 Nf5 14. Be4
Qxd2 15. Bxd2 Rfe8 16. Bxf5 gxf5 17. Rfe1 Rad8 18. h3 Nb4 19. Rxe8+ Rxe8 20.
Nb5 Bxf3 21. gxf3 Nxc2 22. Nd6 Re5 23. Bc3 Rc5 24. Bxg7 Kxg7 25. Rc1 Nd4 26.
Rxc5 bxc5 27. Kg2 Kf6 28. Nb7 c4 29. Na5 Ke6 30. Nxc4 Kd5 31. Ne3+ Ke6 32. Kg3
Ne2+ 33. Kg2 Nd4 34. Kg3 Ne2+ 35. Kg2 Nd4 36. Kg3 Ne2+ 1/2-1/2

[Event "Mistrovstvi Cech 2019 - HD14"]
[Site "Prichovice u Korenova"]
[Date "2019.10.31"]
[Round "7"]
[White "Prochazka, Vojtech"]
[Black "Hak, David"]
[Result "0-1"]
[WhiteElo "1763"]
[BlackElo "2018"]
[EventDate "2019.10.26"]

1. e4  e6  2. d4  d5
3. Nd2  a6  4. Ngf3
c5  5. exd5  exd5
6. c4  Nf6  7. cxd5
cxd4  8. Bc4  b5
9. Bb3  Qe7+  10. Kf1
d3  11. Nb1  Bf5
12. Nc3  Qd6  13. Nd4
Bg6 14. Qe1+  Be7  15. a4
b4  16. Ncb5  axb5
17. Nxb5  Qd7 18. d6 d2  19.
Qxd2  Bd8  20. Qe2+ Kf8  21. Bf4
Qe8 22. Nc7 Bxc7  23. dxc7
Qxe2+  24. Kxe2  Na6  25. Rac1
Ke7  26. Bc4  Rhc8
27. Bb5  Nd5  28. Bg5+
f6 29. Bc6  Ra7  30. Bxd5
fxg5  0-1

[Event "Mistrovstvi Cech 2019 - HD14"]
[Site "Prichovice u Korenova"]
[Date "2019.10.31"]
[Round "7"]
[White "Hlavina, Matous"]
[Black "Vilimek, Vit"]
[Result "0-1"]
[WhiteElo "1983"]
[BlackElo "1631"]
[EventDate "2019.10.26"]

1. e4  c5  2. Nf3  Nc6
3. d4  cxd4  4. Nxd4
Nf6  5. Nc3  e5
6. Ndb5  d6  7. Bg5  a6
8. Na3  b5  9. Bxf6
gxf6  10. Nd5  f5
11. g3  Bg7  12. Bg2
fxe4  13. Bxe4  O-O
14. O-O  f5  15. Bg2
Ra7  16. c3  Ne7
17. Nc2  Be6  18. Ncb4
Rd7  19. Nxe7+  Qxe7
20. Bc6  f4  21. Bd5
Kh8 22. Qd2  Bxd5  23. Nxd5
Qe6  24. f3  fxg3
25. hxg3  Rdf7  26. Kg2
Bh6  27. Qd3  Rg8
28. Rh1  Rfg7  29. Rh3
Bf4  30. Nxf4  exf4
31. Rah1  Rxg3+  32. Rxg3
Rxg3+  33. Kf2  Rg7
34. Re1  Qg6  35. Qxg6
Rxg6  36. Re4  Rf6
37. Kg2  Kg7  38. Kh3
Kg6  39. Kg4  h5+
40. Kh4  Kf5  41. Rd4
Rg6  42. Rd5+  Ke6
43. Rd2  Rg3  44. Kxh5
d5  45. Kh4  Kd6
46. Re2  b4  47. cxb4
d4  48. a4  Rxf3
49. Kg4  Re3  50. Rd2
Ke5  51. b5  axb5
52. a5  Rg3+  53. Kh4
Rg6  54. a6  Rxa6
55. Kg4  Rg6+  56. Kf3
Rg3+  57. Kf2  Ke4
58. Re2+  Re3  59. Rc2
d3  60. Rd2  f3
61. b4  Re2+  62. Rxe2+  dxe2
63. Ke1  Kd3  0-1